Transport and the challenge of structural change (Record no. 414139)

000 -LEADER
fixed length control field 00310cam a22001097a 4500
008 - FIXED-LENGTH DATA ELEMENTS--GENERAL INFORMATION
fixed length control field 180718b1979 xxu||||| |||| 00| 0 eng d
082 ## - DEWEY DECIMAL CLASSIFICATION NUMBER
Classification number W4 Eu72 s
245 ## - TITLE STATEMENT
Title Transport and the challenge of structural change
Statement of responsibility, etc. By ECMT
260 ## - PUBLICATION, DISTRIBUTION, ETC.
Place of publication, distribution, etc. Paris
Name of publisher, distributor, etc. ECMT
Date of publication, distribution, etc. 1979
300 ## - PHYSICAL DESCRIPTION
Extent 539p.
650 ## - SUBJECT ADDED ENTRY--TOPICAL TERM
Topical term or geographic name entry element Transportation -- Congresses
Holdings
Withdrawn status Lost status Damaged status Not for loan Permanent Location Current Location Date acquired Full call number Barcode Date last seen Price effective from Koha item type
        Indian Institute of Public Administration Indian Institute of Public Administration 2009-02-23 W4 Eu72 s 57215 2018-07-21 2018-07-21 Book

Powered by Koha